000 00746nam a2200169 a 4500
001 000032380
005 20200930065618.0
008 110715s1914 dr 000 0 spa d
040 _aDO-SdBNP
_bspa
_cBNPHU
082 _axxxx
_bM516d
100 1 _aMejía, Gustavo Adolfo
_958340
245 1 0 _aDebe abolirse el derecho a la reserva, en la sucesión de los hijos lejitimos y de los ascendientes, consagrado por el sistema seguido en la legislación dominicana /
_cGustavo Adolfo Mejía.
260 _aSanto Domingo :
_bImp. Cuna de América,
_c1914.
300 _a106 p. ;
_c23 cm.
502 _aPresentado originalmemte como tesis del autor -- Intituto Profesional de Santo Domingo. Facultad de Derecho Civil, Santo Domingo, 1914.
049 _aBNPD
999 _c31871
_d31871